[Event "EU School-ch U09"]
[Site "Kallithea"]
[Date "2016.06.21"]
[Round "5"]
[White "Bayhan, Onur"]
[Black "Ozkan, Taha"]
[Result "1-0"]
[WhiteElo "1478"]
[BlackElo "1523"]
[PlyCount "129"]
[EventDate "2016.06.17"]
[EventType "swiss"]
[EventRounds "9"]
[EventCountry "GRE"]
[SourceTitle "EXT 2017"]
[Source "ChessBase"]
[SourceDate "2016.10.25"]
[SourceVersion "1"]
[SourceVersionDate "2016.10.25"]
[SourceQuality "1"]

1. d4 d5 2. Nf3 c5 3. e3 Nf6 4. b3 Bg4 5. Be2 e6 6. Bb2 Be7 7. Nbd2 Nc6 8. c4 0-0 9. 0-0 Rc8 10. Rc1 cxd4 11. exd4 dxc4 12. Nxc4 Nd5 13. h3 Bh5 14. Ne3 Bf6 15. Nxd5 Qxd5 16. Rc5 Qd7 17. Rxh5 Nb4 18. Ba3 Be7 19. Bxb4 Bxb4 20. Ng5 h6 21. Qb1 f5 22. Nxe6 Qxe6 23. Bc4 Rxc4 24. bxc4 Qxc4 25. Rxf5 Rd8 26. d5 a5 27. Rc1 Qd4 28. Rc7 Rxd5 29. Rxd5 Qxd5 30. Qb3 Qxb3 31. axb3 b6 32. Kf1 Bc5 33. Ke2 Kf8 34. f3 Be7 35. Kd3 b5 36. Ra7 a4 37. bxa4 bxa4 38. Rxa4 Kf7 39. Ra7 Kf6 40. Ke4 h5 41. g4 hxg4 42. hxg4 Bc5 43. Ra6+ Kf7 44. f4 Be7 45. Ra7 g6 46. Ke5 Kf8 47. Rxe7 Kxe7 48. g5 Kf7 49. Kd6 Kg7 50. Ke6 Kh7 51. Kf7 Kh8 52. Kxg6 Kg8 53. f5 Kh8 54. Kf7 Kh7 55. g6+ Kh6 56. g7 Kg5 57. f6 Kf5 58. g8Q Ke5 59. Qg4 Kd6 60. Qf5 Kc7 61. Qe6 Kd8 62. Qe7+ Kc8 63. Ke6 Kb8 64. f7 Kc8 65. f8R# 1-0